000 00780nam a2200253 a 4500
001 000048622
003 DO-SdBNP
005 20240412074307.0
007 ta
008 190403s2015 dr 000 j spa d
020 _a9789993439721
040 _aDO-SdBNP
_bspa
_cBNPHU
082 4 _aRD863.5
_bB142e
_222
100 1 _aBáez Melo, Juan E.,
_b1948-
_934452
245 1 0 _aEntre nosotros anda el cuento /
_cJuan E. Báez Melo ; prólogo de Alejandro Arvelo.
260 _aSanto Domingo :
_bLa Trinitaria,
_c2015.
300 _a93 p. ;
_c23 cm.
590 _aInventariado, 2019/VM
650 0 _aCuentos dominicanos
_9176
650 0 _aLiteratura dominicana.
_967
700 1 _aArvelo, Alejandro,
_epról.
_9147
910 _aValidado. Control de calidad MFF
942 _2ddc
_cLBS1
999 _c48110
_d48110